Русская литература ХХ века (Часть первая), Учебное пособие

Bibliographische Detailangaben
1. Verfasser: А. А. Фокин
Weitere Verfasser: Н. В. Протасова, М. Ю. Чотчаева
Zusammenfassung:Книга находится в премиум-версии платформы «Русский как иностранный».
Учебное пособие составлено в соответствии с требованиями ФГОС ВО к подготовке выпускника для получения квалификации «бакалавр» по направлению подготовки 44.03.05 Педагогическое образование (с двумя профилями подготовки), профили «Русский язык» и «Литература», а также для магистрантов по направлению подготовки 44.04.01 Педагогическое образование, профиль «Языковое и литературное образование».
Гарантированный срок размещения на платформе до 22.04.2026 (автопролонгация)
Veröffentlicht: Ставрополь, Ставропольский государственный педагогический институт, Дизайн-студия Б, 2018
Ausgabe:Русская литература ХХ века (Часть первая)
Schlagworte:
Online-Zugang:Перейти к просмотру издания
Format: MixedMaterials Elektronisch

MARC

LEADER 00000 a2200000 4500
001 RU/ROS-EDU.RU/117410
856 4 |u https://www.ros-edu.ru/book?id=117410  |z Перейти к просмотру издания 
010 |a 978-5-6042147-7-0 
205 |a Русская литература ХХ века (Часть первая)  |b 2026-04-22 
333 |a Гарантированный срок размещения на платформе до 22.04.2026 (автопролонгация) 
100 |a 20180101d2018 |||y0rusy0250   |s 2026-04-22 
105 |a y z 000zy 
101 0 |a rus 
102 |a RU 
200 1 |a Русская литература ХХ века (Часть первая)  |b Электронный ресурс  |e Учебное пособие  |f А. А. Фокин, Н. В. Протасова, М. Ю. Чотчаева 
700 1 |b А. А.  |a Фокин  |4 070 
701 1 |b Н. В.  |a Протасова  |4 070 
701 1 |b М. Ю.  |a Чотчаева  |4 070 
330 |a Учебное пособие составлено в соответствии с требованиями ФГОС ВО к подготовке выпускника для получения квалификации «бакалавр» по направлению подготовки 44.03.05 Педагогическое образование (с двумя профилями подготовки), профили «Русский язык» и «Литература», а также для магистрантов по направлению подготовки 44.04.01 Педагогическое образование, профиль «Языковое и литературное образование». 
210 |a Ставрополь  |c Ставропольский государственный педагогический институт, Дизайн-студия Б  |d 2018 
610 1 |a русская литература 
610 1 |a XX век 
610 1 |a творчество 
610 1 |a литература 
675 |a 82 
686 |a 83.3  |2 rubbk 
300 |a Книга находится в премиум-версии платформы «Русский как иностранный». 
215 |a 232 с.